LEADER 02067nam a2200397 u 4500 001 000000009938 003 CaOOAMICUS 005 20070226105247.0 008 940516s1992 be u000 u eng u 035 $a10247845 040 $aPUL$bita 041 0 $aeng$afre$ager 245 04$aThe Four Gospels 1992 :$bFestschrift Frans Neirynck /$cedited by F. Van Segbroek, C.M. Tuckett, G. Van Belle, J. Verheyden. 246 30$aFestschrift Frans Neirynck 260 $aLeuven :$bUniversity Press :$bUitgeverij Peeters,$c1992. 300 $a3 v. ;$c25 cm 490 1 $aBibliotheca Ephemeridum theologicarum Lovaniensium ;$vC 504 $aComprende indicazioni bibliografiche. 630 04$aBiblia.$pN.T.$pEvangelia.$0(OLS)http://pul/subject/2990 700 1 $aNeirynck, Frans,$csac.,$d1927-$0(OLS)http://pul/name/3206 700 1 $aVerheyden, J.$0(OLS)http://pul/name/9795 700 1 $aBelle, Gilbert van.$0(OLS)http://pul/name/9797 700 1 $aTuckett, C. M.$q(Christopher Mark).$0(OLS)http://pul/name/9796 700 1 $aSegbroeck, Frans van.$0(OLS)http://pul/name/2461 830 0$aBibliotheca Ephemeridum theologicarum Lovaniensium ;$vC.$0(OLS)http://pul/title/1445 850 $aPUL 852 $aPUL$W1$xSL Religione 1$y3$m17 A 100.I-III$j14097$nBK-PRI$b $qStampati$B14097$CPULBib$Z2$F14097 $H $81 852 $aPUL$W1$xSL Religione 1$y3$m17 A 100.I-III$j14097$nBK-PRI$b $qStampati$B14098$CPULBib$Z2$F14098 $H $81 852 $aPUL$W1$xSL Religione 1$y3$m17 A 100.I-III$j14097$nBK-PRI$b $qStampati$B14099$CPULBib$Z2$F14099 $H $81 941 1 $a8 961 $aINV: 87711, 87709, 87710 961 $aINV: 87711, 87709, 87710 961 $aINV: 87711, 87709, 87710 996 $6245$aThe Four Gospels 1992 :$bFestschrift Frans Neirynck$9(OLS)http://pul/title/14549 996 $6246$aFestschrift Frans Neirynck$9(OLS)http://pul/title/14550 996 $6260$aLeuven :$bUniversity Press :$bUitgeverij Peeters$9(OLS)http://pul/publisher/49255 LEADER 01306nam a2200265 a 4500 001 000000160671 003 CaOOAMICUS 005 20170512170916.0 008 170512s1971 it m 001 u ita r 032 $aLibriCat 040 $aPUL$bita 100 1 $aMezzadri, Luigi,$cC.M.$0(OLS)http://pul/name/3559 245 13$aIl Collegio Alberoni di Piacenza (1732-1815) : $bcontributo alla storia della formazione sacerdotale / $cLuigi Mezzadri . 260 $aRomae :$b[s.n.],$c1971. 300 $axxix, 351 p. ; $c25 cm. 502 $aTesi -- Pontificia Universitas Gregoriana. Facultas Histaoriae Ecclesiasticae.1969. 504 $aBibliografia in nota a pič pagina. 651 4$aItalia$xStoria ecclesiastica$ySec. XVIII-XIX.$0(OLS)http://pul/subject/30408 710 2 $aPontificia Universitā Gregoriana.$bFacoltā di storia ecclesiastica.$kTesi.$0(OLS)http://pul/name/11264 850 $aPUL 852 $aPUL$W1$xDP1 Tesi Pon. Univ. Gregoriana$y40$mTH PUG 2145$j184429$qTesi$B187633$CPULBib$Z2$F187633 $H35830 $82 941 1 $a16 996 $6245$aIl Collegio Alberoni di Piacenza (1732-1815) : $bcontributo alla storia della formazione sacerdotale / $9(OLS)http://pul/title/200371 996 $6260$aRomae :$b[s.n.]$9(OLS)http://pul/publisher/48223